Lenguaje y comunicación 6º básico: texto para el estudiante
Guardat en:
| Autors principals: | , |
|---|---|
| Format: | Llibre |
| Idioma: | espanyol |
| Publicat: |
Santiago
Mare Nostrum
2001
|
| Edició: | 1a. ed |
| Matèries: | |
| Etiquetes: |
Afegir etiqueta
Sense etiquetes, Sigues el primer a etiquetar aquest registre!
|
MARC
| LEADER | 00000nam a2200000 a 4500 | ||
|---|---|---|---|
| 001 | UCH8363 | ||
| 003 | CL-VaPUC | ||
| 008 | 091127e20010000CL |||||||||||||||||spa|d | ||
| 020 | |a 8495509164 | ||
| 082 | 0 | 4 | |a 372.6 |b ARA |2 21 |
| 100 | 0 | |a Aravena Reyes, Soledad |e author |9 544920 | |
| 700 | |a Guajardo Cofré, Verónica |e author |9 547848 | ||
| 245 | 1 | 0 | |a Lenguaje y comunicación 6º básico: texto para el estudiante |
| 250 | |a 1a. ed | ||
| 300 | |a 223 p | ||
| 942 | |c BK | ||
| 945 | |d 20091127 00:00:00 |a lazolas | ||
| 260 | |a Santiago |b Mare Nostrum |c 2001 | ||
| 650 | 0 | |a Educación lingüística |9 306506 | |
| 650 | 0 | |a Educación básica |9 224933 | |
| 650 | 0 | |a Métodos de enseñanza |9 270413 | |
| 650 | 0 | |a Libros de texto |9 270019 | |
| 583 | |a last modification |c 20170816 01:21:23 |k Rodrigo Vera | ||
| 999 | |c 338583 |d 338581 | ||